[Event "Titled Tue 1st Jul Early"]
[Site "chess.com INT"]
[Date "2025.07.01"]
[Round "3"]
[White "Le Phan Hoang Quan"]
[Black "Zhukov, Ivan"]
[Result "1-0"]
[WhiteTitle "CM"]
[BlackTitle "CM"]
[WhiteElo "1968"]
[BlackElo "2044"]
[WhiteFideId "12432881"]
[BlackFideId "54114748"]
[EventDate "2025.07.01"]

1. d4 d5 2. c4 e6 3. Nc3 c6 4. e3 Nf6 5. Nf3 Nbd7 6. b3 Bd6 7. Qc2 O-O 8. Bb2
Re8 9. Be2 e5 10. cxd5 cxd5 11. dxe5 Nxe5 12. O-O Nfg4 13. g3 Be6 14. Rad1 Rc8
15. Qb1 Qf6 16. Nxe5 Bxe5 17. Nxd5 Bxd5 18. Rxd5 Bxb2 19. Bxg4 Rcd8 20. Rfd1
Rxd5 21. Rxd5 Be5 22. Bh3 g6 23. Bg2 h5 24. h4 b6 25. Qd3 Rc8 26. Qe2 Rc1+ 27.
Rd1 Rc8 28. e4 Rc7 29. f4 Bd4+ 30. Kh2 Bc5 31. e5 Qe7 32. f5 Rd7 33. Rxd7 Qxd7
34. e6 Qe7 35. exf7+ Qxf7 36. fxg6 Qxg6 37. Bd5+ Kg7 38. Qe5+ Kf8 39. Qb8+ Kg7
40. Qxa7+ Kh6 41. Qb8 Qc2+ 42. Bg2 Qxa2 43. Qh8+ Kg6 44. Qg8+ Kh6 45. Kh3 Qe2
46. Qg5+ Kh7 47. Qf5+ Kg7 48. Qg5+ Kf8 49. b4 Bd6 50. Qf6+ Kg8 51. Qxd6 1-0

[Event "Titled Tue 1st Jul Early"]
[Site "chess.com INT"]
[Date "2025.07.01"]
[Round "3"]
[White "Vu Quang Quyen"]
[Black "Souleidis, Georgios"]
[Result "0-1"]
[WhiteTitle "CM"]
[BlackTitle "IM"]
[WhiteElo "2026"]
[BlackElo "2418"]
[WhiteFideId "12402168"]
[BlackFideId "4206827"]
[EventDate "2025.07.01"]

1. Nf3 Nf6 2. g3 g6 3. Bg2 Bg7 4. O-O O-O 5. d4 d6 6. c4 Nc6 7. Nc3 e5 8. dxe5
Nxe5 9. Nxe5 dxe5 10. Qxd8 Rxd8 11. Bg5 Rd7 12. Rfd1 c6 13. Rxd7 Bxd7 14. Rd1
Be6 15. b3 h6 16. Be3 Bf8 17. h3 Kg7 18. Kh2 Be7 19. Bf3 a5 20. c5 g5 21. g4 Kf8
22. Kg2 Ke8 23. Kg3 Bd8 24. Be4 a4 25. bxa4 Nxe4+ 26. Nxe4 Rxa4 27. Nd6+ Ke7 28.
Nxb7 Bc7 29. Nd6 Rxa2 30. Nf5+ Bxf5 31. gxf5 Rxe2 32. Kg4 e4 33. h4 Bf4 34. Bd4
Rd2 35. Rxd2 Bxd2 36. Bg7 gxh4 37. Kxh4 f6 38. Kh5 Be1 39. Kg6 Bxf2 40. Bxf6+
Ke8 41. Be5 Bxc5 42. Bf4 h5 43. Kxh5 Kf7 44. Kg4 Bd4 0-1

[Event "Titled Tue 1st Jul Early"]
[Site "chess.com INT"]
[Date "2025.07.01"]
[Round "3"]
[White "Jimenez Salas, Maria Teresa"]
[Black "Tiitta, Sauli"]
[Result "0-1"]
[WhiteTitle "WIM"]
[WhiteElo "2249"]
[BlackElo "2157"]
[WhiteFideId "3843866"]
[BlackFideId "502251"]
[EventDate "2025.07.01"]

1. e4 g5 2. d4 h6 3. Nc3 d6 4. h4 g4 5. Be3 Bg7 6. Be2 h5 7. f3 gxf3 8. gxf3 Nc6
9. Qd2 e5 10. dxe5 Nxe5 11. O-O-O Be6 12. f4 Ng4 13. Bd4 Bxd4 14. Qxd4 Qf6 15.
Bb5+ Kf8 16. f5 Qxd4 17. Rxd4 Bc8 18. Nh3 N8f6 19. Ng5 Kg7 20. Bc4 Ne5 21. Rg1
Nfg4 22. Nd5 Nxc4 23. Rxc4 c6 24. Ne3 Nxe3 25. Rd4 d5 26. exd5 Nxf5 27. Rf4 cxd5
28. Ne6+ Kf6 29. Nc7 Rb8 30. Nxd5+ Ke5 31. c4 Be6 32. Re1+ Kd6 33. Nc3 a6 34.
Ne4+ Kc7 35. Ng5 Rhe8 36. Nxf7 Bxf7 37. Rxe8 Rxe8 38. Rxf5 Be6 39. Rxh5 Kd6 40.
b3 Rf8 41. Rh7 b5 42. cxb5 axb5 43. Kb2 Rf2+ 44. Ka3 Rf4 45. Rb7 Bd7 46. Rb6+
Kc7 47. Rh6 b4+ 48. Kb2 Rf2+ 49. Ka1 Bf5 50. Rf6 Rf1+ 51. Kb2 Rb1# 0-1

[Event "Titled Tue 1st Jul Early"]
[Site "chess.com INT"]
[Date "2025.07.01"]
[Round "3"]
[White "Toth, Christian Endre"]
[Black "Bashirov, Kemal"]
[Result "1-0"]
[WhiteTitle "IM"]
[BlackTitle "FM"]
[WhiteElo "2354"]
[BlackElo "2305"]
[WhiteFideId "2100339"]
[BlackFideId "14183650"]
[EventDate "2025.07.01"]

1. d4 Nf6 2. c4 e6 3. Nf3 b6 4. g3 Ba6 5. b3 Bb4+ 6. Bd2 Be7 7. Bc3 O-O 8. Bg2
c6 9. O-O d5 10. Ne5 Nfd7 11. Nxd7 Nxd7 12. Nd2 Nf6 13. e4 dxe4 14. Nxe4 Nxe4
15. Bxe4 Rc8 16. Qh5 g6 17. Qh6 Bf6 18. Rad1 Bg7 19. Qe3 Qe7 20. Rfe1 Rfd8 21.
h4 h5 22. Kg2 Bb7 23. Rd3 c5 24. Bxb7 Qxb7+ 25. Kg1 Qd7 26. Red1 cxd4 27. Bxd4
Bxd4 28. Qxd4 Qxd4 29. Rxd4 Rxd4 30. Rxd4 Rc7 31. Kf1 Kf8 32. Ke2 Ke7 33. Kd3
Rc5 34. b4 Rf5 35. f4 a5 36. a3 f6 37. Ke4 g5 38. Rd3 a4 39. Rd4 gxf4 40. gxf4
Rxf4+ 41. Kxf4 e5+ 42. Ke4 exd4 43. Kxd4 Kd6 44. Ke4 Ke6 45. Kf4 f5 46. b5 Kd6
47. Kxf5 Kc5 48. Kg5 Kxc4 49. Kxh5 Kxb5 50. Kg5 Kc4 51. h5 Kb3 52. h6 Kxa3 53.
h7 Ka2 54. h8=Q a3 55. Qh2+ Kb1 56. Qg1+ Kb2 57. Qf2+ Kb1 58. Qg1+ Kb2 59. Qxb6+
Ka1 60. Qd4+ Kb1 61. Qb4+ Ka2 62. Kf4 1-0

[Event "Titled Tue 1st Jul Early"]
[Site "chess.com INT"]
[Date "2025.07.01"]
[Round "3"]
[White "Slovineanu, Viacheslav"]
[Black "Soza de la Carrera, Jose"]
[Result "1-0"]
[WhiteTitle "IM"]
[BlackTitle "CM"]
[WhiteElo "2412"]
[BlackElo "2221"]
[WhiteFideId "13900510"]
[BlackFideId "3401278"]
[EventDate "2025.07.01"]

1. d4 f5 2. g3 Nf6 3. Bg2 g6 4. Nd2 Bg7 5. e4 fxe4 6. Nxe4 d5 7. Nxf6+ exf6 8.
Ne2 O-O 9. O-O Bg4 10. h3 Be6 11. Nf4 Bf7 12. Re1 Qd7 13. c3 c6 14. h4 Re8 15.
Be3 Qc7 16. Qd2 Nd7 17. Nd3 Nb6 18. b3 a5 19. a4 Nd7 20. Bf4 Qb6 21. Qc2 c5 22.
dxc5 Nxc5 23. Be3 Bf8 24. b4 axb4 25. cxb4 Rxe3 26. Rxe3 Ne4 27. a5 Qd4 28. Rd1
Bxb4 29. Nxb4 Qxb4 30. Bxe4 dxe4 31. Rxe4 Qxa5 32. Qb2 Bd5 33. Re7 Rf8 34. Rde1
Bc6 35. Qb3+ Kh8 36. Kh2 Qf5 37. Qe3 Qd5 38. Rg1 Ra8 39. Qh6 Qg8 40. Rge1 Ra2
41. Kg1 Rd2 42. g4 Rd4 43. f3 1-0

[Event "Titled Tue 1st Jul Early"]
[Site "chess.com INT"]
[Date "2025.07.01"]
[Round "3"]
[White "Mayank, Chakraborty"]
[Black "Mujumdar, Sameer"]
[Result "1-0"]
[WhiteTitle "IM"]
[WhiteElo "2448"]
[BlackElo "2054"]
[WhiteFideId "25659766"]
[BlackFideId "2029707"]
[EventDate "2025.07.01"]

1. e4 c5 2. Nf3 d6 3. Bb5+ Nd7 4. O-O Nf6 5. Re1 a6 6. Bf1 e5 7. c3 Be7 8. d4
Qc7 9. a4 O-O 10. Nbd2 Re8 11. Nc4 b6 12. h3 Bb7 13. d5 Bf8 14. Qc2 g6 15. Bg5
Bg7 16. Ne3 h6 17. Bh4 Nh5 18. Ng4 g5 19. Bg3 Nf4 20. Ne3 Nf6 21. Nf5 Bc8 22.
Bxf4 Bxf5 23. Bxg5 Bxe4 24. Rxe4 Nxe4 25. Qxe4 hxg5 26. Nxg5 Qe7 27. Qh7+ Kf8
28. Qh5 b5 29. a5 e4 30. Re1 Qd7 31. Be2 Re5 32. Bg4 Qe7 33. h4 c4 34. Qh7 e3
35. f4 Rxg5 36. hxg5 Re8 37. Bf3 Qa7 38. g3 Qc7 39. Kg2 Qxa5 40. Qf5 Qc7 41. g6
Qe7 42. gxf7 Qxf7 43. Qxf7+ Kxf7 44. Bh5+ 1-0

[Event "Titled Tue 1st Jul Early"]
[Site "chess.com INT"]
[Date "2025.07.01"]
[Round "3"]
[White "Levitskiy, Andrey"]
[Black "Liu, Zachary Hankun"]
[Result "1-0"]
[WhiteTitle "FM"]
[WhiteElo "2306"]
[BlackElo "2067"]
[WhiteFideId "14132885"]
[BlackFideId "2640287"]
[EventDate "2025.07.01"]

1. e4 c5 2. Nf3 d6 3. d4 cxd4 4. Nxd4 Nf6 5. Nc3 g6 6. Be3 Bg7 7. f3 O-O 8. Qd2
Nc6 9. Bc4 Bd7 10. O-O-O Rc8 11. Bb3 Ne5 12. Kb1 Nc4 13. Bxc4 Rxc4 14. g4 Qc7
15. g5 Nh5 16. Nd5 Qd8 17. Ne2 Be6 18. Ng3 Bxd5 19. Nxh5 Bxe4 20. fxe4 gxh5 21.
Rhe1 Rxe4 22. Qd5 Re5 23. Qf3 a6 24. Qxh5 Qc7 25. c3 Rb5 26. Bd4 Bxd4 27. cxd4
Qc3 28. Qe2 Qb4 29. a3 Qb3 30. Rd3 Qc4 31. Rc1 Qe6 32. Re3 Qg6+ 33. Ka1 e6 34.
h4 d5 35. h5 Qxg5 36. Rcc3 Kh8 37. Rg3 Qe7 38. Qe5+ f6 39. Qf4 e5 40. Qf5 exd4
41. Rc8 Rb6 42. Rxf8+ Qxf8 43. Qxd5 Rc6 44. Rf3 Rd6 45. Qe4 Qf7 46. Qd3 Qd5 47.
Rf5 Qh1+ 48. Ka2 Qc6 49. Rf3 Qd5+ 50. Ka1 Qxh5 51. Rf5 Qh1+ 52. Ka2 Kg7 53. Qg3+
Kh6 54. Qxd6 Qe4 55. Qxf6# 1-0

[Event "Titled Tue 1st Jul Early"]
[Site "chess.com INT"]
[Date "2025.07.01"]
[Round "3"]
[White "Sitnic, Adnan"]
[Black "Molina, Roberto Junio Brito"]
[Result "0-1"]
[WhiteTitle "CM"]
[BlackTitle "IM"]
[WhiteElo "2058"]
[BlackElo "2377"]
[WhiteFideId "14403854"]
[BlackFideId "2109450"]
[EventDate "2025.07.01"]

1. e4 c6 2. d4 d5 3. e5 Bf5 4. Nc3 e6 5. g4 Bg6 6. Nge2 Ne7 7. h4 h5 8. Nf4 hxg4
9. Qxg4 Bxc2 10. Bd3 Bxd3 11. Nxd3 Nf5 12. h5 Nd7 13. b4 Qb6 14. a3 Qxd4 15.
Qxd4 Nxd4 16. Ra2 Nf3+ 17. Kf1 Nfxe5 18. Nxe5 Nxe5 19. Re2 Bd6 20. f4 Nc4 21. f5
Be5 22. Na4 O-O-O 23. fxe6 fxe6 24. Nc5 Rhf8+ 25. Kg2 Rde8 26. Nd3 Bd6 27. a4 e5
28. b5 e4 29. Nb2 Ne5 30. bxc6 bxc6 31. Be3 Rf7 32. Rc2 a6 33. Rhc1 Kd7 34. Bd4
Nf3 35. Bf2 Rb8 36. Nd1 Bf4 37. Ne3 Rb3 38. Rxc6 Rf6 39. Nxd5 Rxc6 40. Rxc6 Kxc6
41. Nxf4 Ne5 42. Ne6 Kd5 43. Nxg7 Rb2 44. Nf5 Ng4 45. Kg3 Nxf2 46. Ne3+ Ke5 47.
h6 Rb8 48. h7 Rh8 49. Kxf2 Rxh7 50. Ng4+ Kd4 51. Nf6 Rf7 0-1

[Event "Titled Tue 1st Jul Early"]
[Site "chess.com INT"]
[Date "2025.07.01"]
[Round "3"]
[White "Vlassov, Nikolai"]
[Black "Ravshanov, Sheralijon"]
[Result "1/2-1/2"]
[WhiteTitle "IM"]
[BlackTitle "CM"]
[WhiteElo "2291"]
[BlackElo "2156"]
[WhiteFideId "4103360"]
[BlackFideId "14212170"]
[EventDate "2025.07.01"]

1. e4 c6 2. d4 d5 3. f3 e6 4. Nc3 Nf6 5. e5 Nfd7 6. f4 c5 7. Nf3 Nc6 8. Be3 Qb6
9. Qd2 cxd4 10. Nxd4 Bc5 11. O-O-O Nxd4 12. Bxd4 Bxd4 13. Qxd4 Qxd4 14. Rxd4 a6
15. Bd3 Nc5 16. Re1 O-O 17. g4 f6 18. f5 fxe5 19. Rxe5 Nxd3+ 20. cxd3 exf5 21.
g5 f4 22. Rdxd5 f3 23. Ne4 f2 24. Nxf2 Rxf2 25. Re8+ Rf8 26. Rxf8+ Kxf8 27. Rd8+
Ke7 28. Rh8 b5 29. Kd2 Bb7 30. Rxh7 Kf7 31. Rh3 Kg6 32. Re3 Bd5 33. a3 Rh8 34.
Re7 Rxh2+ 35. Kc3 Rg2 36. Ra7 Rxg5 37. Rxa6+ Kf7 38. Kb4 Be6 39. Rb6 Rf5 40.
Rxb5 g5 41. Rxf5+ Bxf5 42. Kc3 Ke6 43. Kd4 Kd6 44. b4 Bd7 45. Ke4 g4 46. Kf4 Kd5
47. a4 Bxa4 48. Kxg4 Kd4 49. Kf3 Kxd3 50. Kf4 1/2-1/2

[Event "Titled Tue 1st Jul Early"]
[Site "chess.com INT"]
[Date "2025.07.01"]
[Round "3"]
[White "Klys, Kacper"]
[Black "Yushko, Olga"]
[Result "1-0"]
[WhiteTitle "CM"]
[BlackTitle "WFM"]
[WhiteElo "2124"]
[BlackElo "2033"]
[WhiteFideId "21005281"]
[BlackFideId "14114500"]
[EventDate "2025.07.01"]

1. d4 Nf6 2. Nf3 e6 3. Bf4 d5 4. e3 c5 5. Nbd2 Nc6 6. c3 Bd6 7. Bg3 O-O 8. Bd3
Re8 9. Ne5 Qc7 10. f4 c4 11. Bc2 b5 12. a3 a5 13. Bh4 Be7 14. Ndf3 Ne4 15. Bxe7
Rxe7 16. Nxc6 Qxc6 17. Ne5 Qc7 18. Qf3 f6 19. Ng4 Bb7 20. Nf2 Nxf2 21. Qxf2 e5
22. O-O exd4 23. exd4 Rae8 24. Rae1 b4 25. Qh4 g6 26. Ba4 Rxe1 27. Rxe1 Rxe1+
28. Qxe1 Qxf4 29. axb4 axb4 30. Qe8+ Kg7 31. Qe7+ Kh6 32. Qf8+ Kg5 33. Qxb4 Qc1+
34. Kf2 Qd2+ 35. Kf1 Qf4+ 36. Ke1 Qe3+ 37. Kd1 Qg1+ 38. Kc2 Qxg2+ 39. Kb1 Qxh2
40. Qxb7 Qg1+ 41. Ka2 Qg2 42. Bc6 h5 43. Bxd5 Qf2 44. Qb5 f5 45. Bxc4 h4 46. Bf1
Kh5 47. d5 Qa7+ 48. Qa6 Qe3 49. Qe2+ 1-0

[Event "Titled Tue 1st Jul Early"]
[Site "chess.com INT"]
[Date "2025.07.01"]
[Round "3"]
[White "Hayrapetyan, Edgar"]
[Black "Milanovic, Vojislav"]
[Result "1-0"]
[WhiteTitle "FM"]
[BlackTitle "IM"]
[WhiteElo "2161"]
[BlackElo "2293"]
[WhiteFideId "13313568"]
[BlackFideId "905046"]
[EventDate "2025.07.01"]

1. e4 e6 2. d4 c5 3. Nc3 cxd4 4. Qxd4 Nc6 5. Qd2 Bc5 6. Bd3 Nf6 7. Nf3 d5 8.
exd5 Nxd5 9. Nxd5 Qxd5 10. O-O O-O 11. a3 Qh5 12. b4 Bb6 13. Bb2 e5 14. Rfe1 f6
15. Be4 Bg4 16. h3 Bxh3 17. gxh3 Qxh3 18. Nh2 Qg3+ 19. Bg2 Qg6 20. Kh1 Rad8 21.
Qe2 Nd4 22. Qc4+ Kh8 23. Bxd4 Rxd4 24. Qe2 Rh4 25. Qf3 Rf4 26. Qg3 Qf5 27. f3
Qxc2 28. Qh3 Qf2 29. Ng4 Qc2 30. Rad1 Rd4 31. Rxd4 Bxd4 32. f4 Qf5 33. fxe5 fxe5
34. Rf1 Qc8 35. Rxf8+ Qxf8 36. Be4 h6 37. Bxb7 Qe7 38. Be4 Qf8 39. b5 Qc5 40. a4
Qc1+ 41. Kg2 Qd2+ 42. Kg3 Qf4+ 43. Kg2 Qxe4+ 44. Qf3 Qc2+ 45. Kh3 Qc8 46. Kg2
Qd8 47. Qf5 Bc3 48. Kh3 Qe7 49. Qc8+ 1-0

[Event "Titled Tue 1st Jul Early"]
[Site "chess.com INT"]
[Date "2025.07.01"]
[Round "3"]
[White "Feng, Eric"]
[Black "Motola, Jacopo"]
[Result "0-1"]
[BlackTitle "FM"]
[WhiteElo "2194"]
[BlackElo "2333"]
[WhiteFideId "30952590"]
[BlackFideId "863190"]
[EventDate "2025.07.01"]

1. d4 d5 2. c4 e6 3. Nf3 Nf6 4. g3 Bb4+ 5. Bd2 Be7 6. Bg2 O-O 7. O-O c6 8. Bf4
Nbd7 9. Nbd2 b6 10. Ne5 Nxe5 11. Bxe5 Bb7 12. cxd5 cxd5 13. Rc1 Rc8 14. Qa4 a6
15. Nb3 Qd7 16. Qxd7 Nxd7 17. Bf4 Bc6 18. Rc2 Bb5 19. Rfc1 Rxc2 20. Rxc2 Bc4 21.
e4 Nf6 22. exd5 Bxd5 23. Rc7 Bxg2 24. Kxg2 Nd5 25. Rb7 Rc8 26. Nd2 g5 27. Be5 f6
28. Bb8 Rc2 29. Ne4 Rxb2 30. a4 g4 31. Kf1 Rb4 32. Bd6 Rxd4 33. Bxe7 Rxe4 34.
Bd6 Rxa4 35. Rb8+ Kf7 36. Rb7+ Kg6 37. Bf8 a5 38. Ke2 Ra2+ 39. Kd3 Kf5 40. Rxh7
Rxf2 41. Rh5+ Kg6 42. Rh6+ Kf7 43. Bd6 a4 44. Kc4 Rb2 45. Rh7+ Kg6 46. Rh8 b5+
47. Kd4 Kf5 48. Rh5+ Kg6 49. Rh8 b4 50. Rg8+ Kf7 51. Rxg4 a3 52. Rh4 a2 53. Rh7+
Kg6 54. Ra7 b3 55. h4 Rb1 56. h5+ Kxh5 57. g4+ Kxg4 58. Rg7+ Kf5 59. Kc5 a1=Q
60. Kc6 Rc1+ 61. Kd7 b2 62. Ke8 b1=Q 63. Rc7 Nxc7+ 64. Kf8 Nd5 65. Kg7 Qb7+ 66.
Kg8 Rg1+ 67. Kh8 Qaa8+ 68. Bb8 Qaxb8# 0-1

[Event "Titled Tue 1st Jul Early"]
[Site "chess.com INT"]
[Date "2025.07.01"]
[Round "3"]
[White "Devaev, Alexander"]
[Black "Aarit Kapil"]
[Result "0-1"]
[WhiteTitle "FM"]
[BlackTitle "CM"]
[WhiteElo "2306"]
[BlackElo "2020"]
[WhiteFideId "4169395"]
[BlackFideId "33408947"]
[EventDate "2025.07.01"]

1. d4 Nf6 2. c4 e6 3. Nc3 d5 4. Bg5 Be7 5. e3 O-O 6. Nf3 h6 7. Bxf6 Bxf6 8. cxd5
exd5 9. Bd3 c6 10. O-O b5 11. h3 a5 12. Rc1 Nd7 13. Ne2 Bb7 14. Nf4 Nb6 15. Bb1
g6 16. Nd3 Nd7 17. Qc2 Rc8 18. Nf4 Bg7 19. Rfd1 c5 20. dxc5 Nxc5 21. Qe2 b4 22.
Nd4 Qd7 23. Qf3 Na4 24. Nd3 Ba6 25. Rxc8 Rxc8 26. Qe2 Qe7 27. Qd2 Qg5 28. Nf4
Nb6 29. Nb3 Nc4 30. Qxd5 Qxd5 31. Nxd5 Nxb2 32. Rd2 Kf8 33. Nxa5 Rc1+ 34. Kh2
Rxb1 35. Nxb4 Bb5 36. Rd8+ Be8 37. Nbc6 Na4 38. Rc8 Nb6 39. Rb8 Rb5 40. a4 Rxa5
41. Nxa5 Be5+ 42. g3 Bxb8 43. Nb3 Nxa4 44. Kg2 Nc3 45. Nd2 Bc6+ 46. f3 Nd5 47.
Kf2 Ba7 48. Nc4 Bb5 49. Ne5 Nxe3 50. f4 Ng4+ 0-1

[Event "Titled Tue 1st Jul Early"]
[Site "chess.com INT"]
[Date "2025.07.01"]
[Round "3"]
[White "Chan, Yi Ren Daniel"]
[Black "Sarveshwaran V"]
[Result "1-0"]
[WhiteTitle "FM"]
[BlackTitle "CM"]
[WhiteElo "2309"]
[BlackElo "2290"]
[WhiteFideId "5801583"]
[BlackFideId "25699016"]
[EventDate "2025.07.01"]

1. e4 e6 2. Nf3 d5 3. Nc3 d4 4. Ne2 c5 5. c3 Nc6 6. cxd4 cxd4 7. Qa4 Bc5 8. b4
Bxb4 9. Nexd4 Ne7 10. Bb5 Qa5 11. Nxc6 Qxa4 12. Bxa4 bxc6 13. Rb1 a5 14. O-O Ba6
15. Re1 Bd3 16. Rb3 Bc4 17. Rb2 O-O 18. Ne5 Bb5 19. Bxb5 cxb5 20. Rb1 Rfb8 21.
Re3 Bc5 22. Rf3 f6 23. Nd7 Rc8 24. Nxc5 Rxc5 25. d4 Rc4 26. Rd3 b4 27. g3 Rac8
28. Be3 Nc6 29. a3 a4 30. axb4 Nxb4 31. Ra3 Nc2 32. Ra2 Nxd4 33. Kg2 Nc2 34. Bd2
a3 35. Rb7 R4c7 36. Rb6 Rc6 37. Rb7 R8c7 38. Rb8+ Kf7 39. h4 Rc4 40. Ba5 Rc8 41.
Rb7+ Kg6 42. f3 h5 43. Bd2 f5 44. exf5+ exf5 45. Bf4 R8c6 46. Be5 Ne3+ 47. Kf2
Nd1+ 48. Ke1 Re6 49. f4 Nb2 50. Rxa3 1-0

[Event "Titled Tue 1st Jul Early"]
[Site "chess.com INT"]
[Date "2025.07.01"]
[Round "3"]
[White "Rees, Ioan"]
[Black "Faryma, Matviy"]
[Result "0-1"]
[WhiteTitle "FM"]
[WhiteElo "2280"]
[BlackElo "2230"]
[WhiteFideId "1801236"]
[BlackFideId "1961578"]
[EventDate "2025.07.01"]

1. Nf3 b6 2. g3 Bb7 3. Bg2 c5 4. O-O g6 5. d3 Bg7 6. e4 e6 7. Nbd2 Ne7 8. Re1
O-O 9. e5 d6 10. exd6 Qxd6 11. Nc4 Qd8 12. Bf4 Nbc6 13. Nd6 Ba6 14. Nc4 Bxc4 15.
dxc4 Bxb2 16. Rb1 Bc3 17. Re3 Qxd1+ 18. Rxd1 Bf6 19. Ne5 Nxe5 20. Bxe5 Bxe5 21.
Bxa8 Bd4 22. Be4 Bxe3 23. fxe3 f5 24. Bg2 e5 25. Rd7 Rf7 26. Rxa7 e4 27. Rb7 Nc8
28. Rb8 Rf8 29. g4 Kg7 30. gxf5 gxf5 31. Kf2 Kf6 32. a4 Ke5 33. Bh3 Re8 34. Kg3
Nd6 35. Rxb6 Nxc4 36. Rb5 Nxe3 37. Rxc5+ Kd4 38. Rc7 Nd5 39. Rxh7 f4+ 40. Kf2
e3+ 41. Kf3 e2 42. Bd7 e1=Q 43. Bxe8 Qxe8 44. Rh4 Qe3+ 45. Kg4 Nf6+ 46. Kf5 Ne4
47. Rxf4 Qh3+ 0-1

[Event "Titled Tue 1st Jul Early"]
[Site "chess.com INT"]
[Date "2025.07.01"]
[Round "3"]
[White "Silva, Mariana"]
[Black "Mayta Aiza, Maveric"]
[Result "0-1"]
[WhiteTitle "WFM"]
[BlackTitle "CM"]
[WhiteElo "2039"]
[BlackElo "2180"]
[WhiteFideId "1911899"]
[BlackFideId "3307336"]
[EventDate "2025.07.01"]

1. d4 Nf6 2. c4 e6 3. Nc3 d5 4. cxd5 exd5 5. Bg5 Be7 6. e3 h6 7. Bh4 O-O 8. Bd3
Nbd7 9. Nge2 Re8 10. O-O c5 11. dxc5 Nxc5 12. Nd4 Nfe4 13. Bxe7 Rxe7 14. Rc1 Bg4
15. f3 Bh5 16. Bb1 Nf6 17. b4 Ncd7 18. Nf5 Re5 19. Qd4 Qb6 20. Rfd1 Qxd4 21.
Rxd4 Nb6 22. f4 Ree8 23. Nd6 Rxe3 24. Nxb7 Rc8 25. Rd3 Re7 26. Nc5 Bg6 27. Rd4
Bxb1 28. Rxb1 Re3 29. Nb5 a6 30. Nd6 Rd8 31. Nf5 Re2 32. a4 g6 33. Ng3 Ra2 34.
Re1 Nxa4 35. Nxa6 Nc3 36. Nc5 h5 37. f5 g5 38. Rd3 d4 39. Nge4 Ncxe4 40. Nxe4
Nxe4 41. Rxe4 Ra1+ 42. Kf2 Rd5 43. Rexd4 Rxf5+ 44. Kg3 Ra2 45. Rd8+ Kg7 46. R8d5
Kg6 47. Rd6+ f6 48. Rb6 h4+ 49. Kg4 Rf4+ 50. Kh3 g4+ 51. Kxh4 Rxg2 52. b5 Rb4
53. Rb7 Rxh2+ 54. Kg3 Rh3+ 55. Kg2 Rxd3 56. b6 Rdb3 57. Kf1 Rxb6 58. Rd7 Rb2 59.
Ke1 g3 60. Kd1 g2 61. Kc1 g1=Q+ 62. Rd1 Qc5# 0-1

[Event "Titled Tue 1st Jul Early"]
[Site "chess.com INT"]
[Date "2025.07.01"]
[Round "3"]
[White "Sagalchik, Gennadij"]
[Black "Sayce, Hannah"]
[Result "1-0"]
[WhiteTitle "GM"]
[BlackTitle "WCM"]
[WhiteElo "2434"]
[BlackElo "1877"]
[WhiteFideId "2007916"]
[BlackFideId "3250695"]
[EventDate "2025.07.01"]

1. d4 Nf6 2. Nc3 d5 3. Bg5 e6 4. e4 dxe4 5. Nxe4 Be7 6. Bxf6 Bxf6 7. Nf3 b6 8.
Bd3 Bb7 9. c3 O-O 10. Qe2 Nd7 11. O-O-O Rc8 12. h4 Be7 13. Rhe1 Nf6 14. Neg5 Qd5
15. Kb1 h6 16. Bc4 Qf5+ 17. Bd3 Qa5 18. Nxe6 Rfe8 19. Nf4 c5 20. dxc5 Bxc5 21.
Qc2 Bd6 22. Ne2 Bf8 23. Ned4 Nd5 24. Nb3 Qa4 25. Ne5 Nf6 26. g3 b5 27. a3 Qa6
28. f4 Qb6 29. Nd4 Red8 30. Bf5 Rc7 31. Ndf3 Rxd1+ 32. Rxd1 Bc8 33. Rd8 Bxf5 34.
Qxf5 Rxc3 35. Rxf8+ Kxf8 36. bxc3 Qd6 37. Qc8+ Ke7 38. Qb7+ Ke6 39. Qxf7+ Kf5
40. Qg6+ Ke6 41. f5+ Kd5 42. Qf7+ Ke4 43. Qb7+ Ke3 44. Qxa7+ Ke2 45. Qd4 Qxa3
46. Qd2+ Kf1 47. Nh2+ Kg1 48. Nef3+ Kh1 49. Nf1 Qb3+ 50. Kc1 Qa3+ 51. Qb2 Qd6
52. Qh2# 1-0

[Event "Titled Tue 1st Jul Early"]
[Site "chess.com INT"]
[Date "2025.07.01"]
[Round "3"]
[White "Sydoryka, Vladyslav"]
[Black "Lacasa Diaz, Josep Anton"]
[Result "1/2-1/2"]
[WhiteTitle "FM"]
[BlackTitle "IM"]
[WhiteElo "2246"]
[BlackElo "2315"]
[WhiteFideId "14145928"]
[BlackFideId "2203375"]
[EventDate "2025.07.01"]

1. d4 d5 2. Nf3 c5 3. Bf4 cxd4 4. Nxd4 f6 5. Bg3 e5 6. Nf3 Nc6 7. e3 Nge7 8. a3
Nf5 9. c4 dxc4 10. Qxd8+ Kxd8 11. Bxc4 Nxg3 12. hxg3 Bc5 13. Nc3 h6 14. O-O-O+
Kc7 15. b4 Bb6 16. Nb5+ Kb8 17. Nd6 Kc7 18. Kb2 Bg4 19. Nb5+ Kc8 20. Rc1 Rd8 21.
Nc3 Bxf3 22. gxf3 Rd2+ 23. Rc2 Rxc2+ 24. Kxc2 Kd8 25. Rd1+ Ke8 26. Nb5 Rd8 27.
Nd6+ Ke7 28. Nxb7 Rxd1 29. Kxd1 h5 30. Ke2 g5 31. Bd3 h4 32. gxh4 gxh4 33. Bf5
Nd8 34. Nc5 Bxc5 35. bxc5 Nf7 36. f4 exf4 37. exf4 Kd8 38. Kf3 Kc7 39. Be6 Nh6
40. Ke4 Kc6 41. Kd4 f5 42. Bd5+ Kc7 43. Ke5 h3 44. Kf6 h2 45. Kg5 Ng4 46. Kxf5
Nxf2 47. Ke6 Nd3 48. Kf5 Nxc5 49. Kg4 Kd6 50. Bf3 Ke6 51. Kg3 Kf5 52. Kxh2 Kxf4
53. Bc6 Ke3 54. Kg2 Kd4 55. Kf3 Kc3 56. Ke3 Kb3 57. Kd4 Na4 58. Bxa4+ Kxa4 59.
Kc3 Kxa3 60. Kc2 Ka2 61. Kc1 a5 62. Kc2 a4 63. Kc1 a3 64. Kc2 Ka1 65. Kc1 Ka2
66. Kc2 Ka1 67. Kc1 a2 68. Kc2 1/2-1/2

[Event "Titled Tue 1st Jul Early"]
[Site "chess.com INT"]
[Date "2025.07.01"]
[Round "3"]
[White "Fernandez, Maria Florencia"]
[Black "Boramanikar, Tanisha S"]
[Result "0-1"]
[WhiteTitle "WIM"]
[BlackTitle "WCM"]
[WhiteElo "2163"]
[BlackElo "1743"]
[WhiteFideId "116459"]
[BlackFideId "35023454"]
[EventDate "2025.07.01"]

1. d4 Nf6 2. c4 g6 3. Nc3 d5 4. cxd5 Nxd5 5. e4 Nxc3 6. bxc3 Bg7 7. Bc4 O-O 8.
Be3 c5 9. Ne2 Nc6 10. O-O Bg4 11. f3 cxd4 12. cxd4 Na5 13. Bd3 Be6 14. Rc1 Rc8
15. d5 Rxc1 16. Qxc1 f5 17. Rd1 fxe4 18. Bxe4 Bf5 19. Bxa7 b6 20. Ng3 Qd6 21.
Qb1 Nc4 22. Rc1 Qc5+ 23. Kh1 Ra8 24. Rxc4 Qxc4 25. Bxb6 Rxa2 26. Bg1 Ra1 27.
Qb8+ Kf7 28. Bxf5 gxf5 29. Qb6 Bd4 30. Qxd4 Qxd4 31. Ne2 Rxg1+ 32. Nxg1 Qxd5 33.
h3 Qd1 34. Kh2 e5 35. f4 e4 36. Nf3 exf3 37. Kg3 Qd2 38. Kxf3 Kf6 39. Kg3 h5 40.
Kf3 Qd3+ 41. Kf2 Qe4 42. Kg3 Qe3+ 43. Kh4 Qxf4+ 44. g4 Qf2+ 45. Kxh5 f4 46. g5+
Kf5 47. g6 Qf3+ 0-1